Empirical methods for artificial intelligence
Αποθηκεύτηκε σε:
| Κύριος συγγραφέας: | |
|---|---|
| Μορφή: | Βιβλίο |
| Γλώσσα: | English |
| Δημοσίευση: |
Cambridge, Mas. :
MIT press,
c1995
|
| Θέματα: | |
| Ετικέτες: |
Προσθήκη ετικέτας
Δεν υπάρχουν, Καταχωρήστε ετικέτα πρώτοι!
|
MARC
| LEADER | 00000nam a2200000 i 4500 | ||
|---|---|---|---|
| 001 | 1/75944 | ||
| 008 | 990326s1995 eng d | ||
| 020 | |a 0-262-03225-2 | ||
| 035 | |l 10049472 | ||
| 040 | |a GR-MY-UA |b gre |e aacr | ||
| 041 | 0 | |a eng | |
| 082 | 0 | |a 006.3072 | |
| 100 | 1 | |a Cohen, Paul R. | |
| 245 | 1 | 0 | |a Empirical methods for artificial intelligence / |c Paul R. Cohen |
| 260 | |a Cambridge, Mas. : |b MIT press, |c c1995 | ||
| 300 | |a xvi, 405 p.; |b ill.; |c 24 cm. | ||
| 500 | |a Includes bibliographical references and index | ||
| 650 | 0 | 0 | |a Artificial intelligence |x Research |x Methodology. |
| 852 | |a INST |b SAMOS |e 19990326 |h 006.3072 COH |p 005300013112 |q 005300013112 |t BK |y 0 | ||
| 901 | |a BIBL-1999-1 | ||
| 909 | |a Σ |b 064130 | ||
| 922 | |a 3ΕΛΗ |b 199901 |c ΚΠΣ |d GLORY | ||